[Event "St Veit op 42nd"]
[Site "St Veit"]
[Date "2023.07.14"]
[Round "8"]
[White "Schwab, Lukas"]
[Black "Lang, Karl"]
[Result "1/2-1/2"]
[WhiteElo "2195"]
[BlackElo "1980"]
[PlyCount "65"]
[EventDate "2023.07.08"]
[EventType "swiss"]
[EventRounds "9"]
[EventCountry "AUT"]
[SourceTitle "CBM 215 Extra"]
[Source "ChessBase"]
[SourceDate "2023.09.30"]
[SourceVersion "1"]
[SourceVersionDate "2023.09.30"]
[SourceQuality "1"]

1. e4 e5 2. Nf3 Nf6 3. Nc3 Nc6 4. g3 d6 5. Bg2 Bg4 6. h3 Bd7 7. d4 exd4 8. Nxd4 Be7 9. 0-0 0-0 10. f4 Nxd4 11. Qxd4 c5 12. Qd3 Rb8 13. Rd1 Bc6 14. a4 a6 15. Be3 Qc8 16. Kh2 Rd8 17. Qe2 Bf8 18. e5 Bxg2 19. Qxg2 Ne8 20. Qe4 Qc6 21. exd6 Rxd6 22. Rxd6 Nxd6 23. Qxc6 bxc6 24. b3 c4 25. Rb1 cxb3 26. cxb3 Nf5 27. Bf2 c5 28. Kg2 g6 29. g4 Nd4 30. b4 Ne6 31. f5 gxf5 32. gxf5 Nf4+ 33. Kf3 1/2-1/2

[Event "St Veit op-B 38th"]
[Site "St Veit"]
[Date "2019.07.09"]
[Round "5"]
[White "Schober, Peter"]
[Black "Lang, Karl"]
[Result "1-0"]
[WhiteElo "1882"]
[BlackElo "2021"]
[PlyCount "73"]
[EventDate "2019.07.06"]
[EventType "swiss"]
[EventRounds "9"]
[EventCountry "AUT"]
[SourceTitle "EXT 2021"]
[Source "ChessBase"]
[SourceDate "2020.10.23"]
[SourceVersion "1"]
[SourceVersionDate "2020.10.23"]
[SourceQuality "1"]

1. d4 b6 2. e4 Bb7 3. Nc3 e6 4. Bd3 Bb4 5. a3 Bxc3+ 6. bxc3 f5 7. Qh5+ g6 8. Qe2 Nf6 9. Bg5 fxe4 10. Bxe4 Bxe4 11. Bxf6 Qxf6 12. Qxe4 0-0 13. Nf3 Nc6 14. 0-0 Qf5 15. Rfe1 Qa5 16. c4 Rae8 17. Re3 d5 18. Qg4 dxc4 19. Rxe6 Qd5 20. Rae1 Rxe6 21. Rxe6 Rf5 22. Re3 Kg7 23. h3 Qd6 24. Nh4 Rf4 25. Qg5 Qxd4 26. g3 Rf6 27. c3 Qd6 28. Qb5 Qd1+ 29. Kg2 Qd2 30. Nf3 Qa2 31. Qd5 Qxa3 32. Qd7+ Kh6 33. g4 g5 34. h4 Kg6 35. hxg5 Qd6 36. Qe8+ Rf7 37. Re6+ 1-0

[Event "St Veit op-B 38th"]
[Site "St Veit"]
[Date "2019.07.07"]
[Round "3"]
[White "Raschun, Gerhard"]
[Black "Lang, Karl"]
[Result "1/2-1/2"]
[WhiteElo "1889"]
[BlackElo "2021"]
[PlyCount "42"]
[EventDate "2019.07.06"]
[EventType "swiss"]
[EventRounds "9"]
[EventCountry "AUT"]
[SourceTitle "EXT 2021"]
[Source "ChessBase"]
[SourceDate "2020.10.23"]
[SourceVersion "1"]
[SourceVersionDate "2020.10.23"]
[SourceQuality "1"]

1. e4 e5 2. Nf3 Nc6 3. Bb5 a6 4. Bxc6 dxc6 5. d4 exd4 6. Qxd4 Qxd4 7. Nxd4 c5 8. Nf3 Bd7 9. Nc3 0-0-0 10. Bf4 Bc6 11. Ne5 Be8 12. 0-0 f6 13. Nf3 g5 14. Bg3 h5 15. h4 g4 16. Ne1 Rh7 17. Nd3 c4 18. Nf4 Rd2 19. Rac1 c6 20. Ne6 Bb4 21. Na4 Ba5 1/2-1/2

[Event "St Veit op-B 37th"]
[Site "St Veit"]
[Date "2018.07.11"]
[Round "6"]
[White "Bulatovic, Milorad"]
[Black "Lang, Karl"]
[Result "1-0"]
[WhiteElo "1934"]
[BlackElo "2031"]
[PlyCount "103"]
[EventDate "2018.07.07"]
[EventType "swiss"]
[EventRounds "9"]
[EventCountry "AUT"]
[SourceTitle "EXT 2020"]
[Source "ChessBase"]
[SourceDate "2019.10.17"]
[SourceVersion "1"]
[SourceVersionDate "2019.10.17"]
[SourceQuality "1"]

1. b4 Nf6 2. Bb2 e6 3. b5 a6 4. a4 c6 5. c4 d5 6. bxc6 Nxc6 7. e3 d4 8. Nf3 e5 9. Qb3 Bc5 10. Ba3 b6 11. Bxc5 bxc5 12. a5 Rb8 13. Qa4 Bd7 14. Be2 e4 15. Ng5 h6 16. Nh3 d3 17. Bd1 Rb4 18. Qa2 Be6 19. Na3 Qb8 20. Nf4 Nxa5 21. Nxe6 fxe6 22. 0-0 0-0 23. Rb1 Rxb1 24. Nxb1 Qb4 25. Nc3 Qb6 26. f3 exf3 27. Bxf3 Nc6 28. Rb1 Nb4 29. Qa4 Qd6 30. Qa5 Rd8 31. Kf2 Rd7 32. Na4 Rc7 33. Rb2 e5 34. Nxc5 Qxc5 35. Qxb4 Qxb4 36. Rxb4 e4 37. Bd1 Nd7 38. Rb6 Nc5 39. Rb8+ Kf7 40. Kg3 Rb7 41. Rc8 Rb1 42. Bh5+ g6 43. Rc7+ Ke6 44. Rxc5 gxh5 45. Rxh5 Rb2 46. Rxh6+ Ke5 47. Rh5+ Ke6 48. Kf4 Rxd2 49. Kxe4 Rd1 50. Rd5 d2 51. c5 a5 52. c6 1-0

[Event "St Veit op-B 37th"]
[Site "St Veit"]
[Date "2018.07.10"]
[Round "5"]
[White "Lang, Karl"]
[Black "Widowitz, Josef"]
[Result "1-0"]
[WhiteElo "2031"]
[BlackElo "1973"]
[PlyCount "57"]
[EventDate "2018.07.07"]
[EventType "swiss"]
[EventRounds "9"]
[EventCountry "AUT"]
[SourceTitle "EXT 2020"]
[Source "ChessBase"]
[SourceDate "2019.10.17"]
[SourceVersion "1"]
[SourceVersionDate "2019.10.17"]
[SourceQuality "1"]

1. c4 e5 2. Nc3 g6 3. g3 Bg7 4. Bg2 Ne7 5. b4 0-0 6. Bb2 c6 7. e4 d6 8. Nf3 f5 9. Qb3 fxe4 10. c5+ Nd5 11. Nxe4 dxc5 12. bxc5 Qe7 13. 0-0 Bf5 14. d3 Nd7 15. Qxb7 Bxe4 16. dxe4 Rab8 17. Qxc6 Nb4 18. Qd6 Qxd6 19. cxd6 Rb6 20. Bc3 Rc8 21. Bxb4 Rxb4 22. Bh3 Rd8 23. Be6+ Kf8 24. Ng5 Bh6 25. Nf7 Re8 26. Bxd7 Kxf7 27. Bxe8+ Kxe8 28. Rfd1 Kd7 29. Rab1 1-0

[Event "St Veit op-B 37th"]
[Site "St Veit"]
[Date "2018.07.09"]
[Round "4"]
[White "Lederer, Peter1111"]
[Black "Lang, Karl"]
[Result "0-1"]
[WhiteElo "1758"]
[BlackElo "2031"]
[PlyCount "68"]
[EventDate "2018.07.07"]
[EventType "swiss"]
[EventRounds "9"]
[EventCountry "AUT"]
[SourceTitle "EXT 2020"]
[Source "ChessBase"]
[SourceDate "2019.10.17"]
[SourceVersion "1"]
[SourceVersionDate "2019.10.17"]
[SourceQuality "1"]

1. e4 c5 2. Nc3 d6 3. f4 Nc6 4. Nf3 g6 5. Bb5 Bd7 6. 0-0 Bg7 7. Bxc6 Bxc6 8. d3 e6 9. f5 gxf5 10. exf5 e5 11. Ng5 Nf6 12. Nge4 h6 13. Qe1 Nxe4 14. dxe4 Bf6 15. Be3 Bg5 16. Rd1 Qc7 17. Bxg5 hxg5 18. Qd2 0-0-0 19. Qxg5 Qb6 20. b3 c4+ 21. Rf2 Rxh2 22. Kf1 Rh1+ 23. Ke2 Rxd1 24. Nxd1 Bxe4 25. Ne3 c3 26. Nc4 Qa6 27. Kd1 Qxa2 28. Qc1 b5 29. Ne3 Qa6 30. f6 Qb6 31. Ke2 d5 32. Ng4 b4 33. Kf1 Qd4 34. Re2 Rh8 0-1

[Event "St Veit op-B 36th"]
[Site "St Veit"]
[Date "2017.07.10"]
[Round "4.4"]
[White "Lang, Karl"]
[Black "Bulatovic, Milorad"]
[Result "1/2-1/2"]
[WhiteElo "2022"]
[BlackElo "1880"]
[PlyCount "121"]
[EventDate "2017.07.08"]
[EventType "swiss"]
[EventRounds "9"]
[EventCountry "AUT"]
[SourceTitle "EXT 2024"]
[Source "ChessBase"]
[SourceDate "2023.10.10"]
[SourceVersion "1"]
[SourceVersionDate "2023.10.10"]
[SourceQuality "1"]

1. c4 c5 2. Nc3 Nc6 3. g3 g6 4. Bg2 Bg7 5. Nf3 Nf6 6. e3 0-0 7. d4 cxd4 8. exd4 d6 9. d5 Nb8 10. 0-0 Nbd7 11. Be3 Re8 12. Rc1 a5 13. b3 Ng4 14. Bd4 Nge5 15. Ne1 Nf6 16. h3 Ned7 17. Nd3 b6 18. Kh2 Nc5 19. Nf4 Bd7 20. f3 Rc8 21. Ne4 Bf5 22. Nxf6+ exf6 23. Rc3 g5 24. Nh5 Bh8 25. Re1 Rxe1 26. Qxe1 Bg6 27. g4 Nd7 28. Ng3 Ne5 29. Qd2 Rb8 30. f4 gxf4 31. Qxf4 Bg7 32. Nf5 Bf8 33. Be4 b5 34. cxb5 Rxb5 35. Qc1 Rb8 36. Kg3 Qd7 37. Qc2 Qb5 38. Ne3 Qb4 39. Nc4 Re8 40. Bf5 Ra8 41. Be3 Qb5 42. Nxe5 fxe5 43. Qd3 Qb4 44. Qc4 Kg7 45. Bd2 Qc5 46. Qxc5 dxc5 47. Kf3 a4 48. Be3 axb3 49. axb3 Bxf5 50. gxf5 Rc8 51. Ke4 Kf6 52. h4 h6 53. b4 c4 54. b5 Ke7 55. b6 f6 56. b7 Rb8 57. Rxc4 Rxb7 58. d6+ Kd7 59. Kd5 Rb5+ 60. Rc5 Rxc5+ 61. Bxc5 1/2-1/2

[Event "St Veit op-B 35th"]
[Site "St Veit"]
[Date "2016.07.10"]
[Round "3"]
[White "Lang, Karl"]
[Black "Komarek, Ludwig"]
[Result "1-0"]
[WhiteElo "2043"]
[BlackElo "1888"]
[PlyCount "47"]
[EventDate "2016.07.09"]
[EventType "swiss"]
[EventRounds "9"]
[EventCountry "AUT"]
[SourceTitle "EXT 2017"]
[Source "ChessBase"]
[SourceDate "2016.10.25"]
[SourceVersion "1"]
[SourceVersionDate "2016.10.25"]
[SourceQuality "1"]

1. e4 d6 2. d4 Nf6 3. Nc3 g6 4. Bg5 Bg7 5. h3 c6 6. Nf3 b5 7. Bd3 a5 8. 0-0 0-0 9. e5 Ne8 10. Re1 f6 11. Bh4 dxe5 12. dxe5 Nc7 13. Qe2 Nba6 14. Rad1 Nd5 15. Nxd5 cxd5 16. Bxb5 Nc7 17. Bd3 e6 18. exf6 Bxf6 19. Bxf6 Qxf6 20. c3 Re8 21. Ne5 a4 22. Qe3 Kg7 23. Ng4 Qe7 24. Qe5+ 1-0

[Event "St Veit op"]
[Site "St Veit"]
[Date "2008.07.12"]
[Round "8"]
[White "Lang, Karl"]
[Black "Eichhorn, Alfred"]
[Result "1/2-1/2"]
[WhiteElo "2060"]
[BlackElo "2107"]
[PlyCount "46"]
[EventDate "2008.07.05"]
[EventType "swiss"]
[EventRounds "9"]
[EventCountry "AUT"]
[SourceTitle "CBM 125 Extra"]
[Source "ChessBase"]
[SourceDate "2008.09.01"]
[SourceVersion "1"]
[SourceVersionDate "2008.09.01"]
[SourceQuality "1"]

1. e4 c5 2. Nf3 d6 3. Nc3 Nf6 4. d4 cxd4 5. Nxd4 a6 6. Be2 e5 7. Nf3 b5 8. Bg5 Nbd7 9. Nd2 Bb7 10. f3 Qb6 11. Nf1 Rc8 12. Be3 Qa5 13. a3 Qc7 14. Ng3 g6 15. Qd2 h5 16. h4 Nb6 17. Bg5 Nfd7 18. Nf1 Qc5 19. Be3 Qc6 20. Rd1 Nc4 21. Bxc4 Qxc4 22. Qe2 Qxe2+ 23. Kxe2 a5 1/2-1/2

[Event "St Veit op"]
[Site "St Veit"]
[Date "2008.07.07"]
[Round "3"]
[White "Lang, Karl"]
[Black "Leitner, Gerald"]
[Result "0-1"]
[WhiteElo "2060"]
[BlackElo "2193"]
[PlyCount "74"]
[EventDate "2008.07.05"]
[EventType "swiss"]
[EventRounds "9"]
[EventCountry "AUT"]
[SourceTitle "CBM 125 Extra"]
[Source "ChessBase"]
[SourceDate "2008.09.01"]
[SourceVersion "1"]
[SourceVersionDate "2008.09.01"]
[SourceQuality "1"]

1. d4 Nf6 2. Nf3 c5 3. d5 b5 4. c4 Bb7 5. e3 e6 6. dxe6 fxe6 7. cxb5 d5 8. Be2 Bd6 9. 0-0 0-0 10. Ng5 Qe7 11. Nd2 Nbd7 12. Nh3 Rad8 13. Re1 Kh8 14. Nf1 e5 15. Bd2 e4 16. Ba5 Nb6 17. f3 Be5 18. f4 Bxb2 19. Rb1 Ba3 20. g4 c4 21. g5 Nfd7 22. Nf2 Nc5 23. Bc3 Nd3 24. Bxd3 exd3 25. Qh5 Kg8 26. Ng4 Rd6 27. Ng3 Bc8 28. h3 Bxg4 29. hxg4 g6 30. Qh2 Na4 31. Be5 Re6 32. e4 Rxe5 33. fxe5 Bc5+ 34. Kh1 Rf2 35. Qh3 Qxe5 36. Rf1 Nc3 37. Rxf2 Bxf2 0-1

[Event "Jacques Lemans op 21st"]
[Site "St Veit"]
[Date "2002.07.08"]
[Round "3"]
[White "Schwab, Rene"]
[Black "Lang, Karl"]
[Result "1-0"]
[WhiteElo "2246"]
[BlackElo "2106"]
[PlyCount "109"]
[EventDate "2002.07.06"]
[EventType "swiss"]
[EventRounds "9"]
[EventCountry "AUT"]
[SourceTitle "CBM 089 Extra"]
[Source "ChessBase"]
[SourceDate "2002.09.10"]
[SourceVersion "2"]
[SourceVersionDate "2002.09.10"]
[SourceQuality "1"]

1. e4 e5 2. Nf3 Nc6 3. Bc4 Nf6 4. Ng5 d5 5. exd5 b5 6. Bxb5 Qxd5 7. Bxc6+ Qxc6 8. Qf3 e4 9. Qb3 h6 10. Nxf7 Be6 11. Ne5 Bxb3 12. Nxc6 Bxc2 13. b3 Bc5 14. Ba3 Bb6 15. Nb4 Bd3 16. Nc3 Rd8 17. Nc6 Rd7 18. Na4 Bb5 19. Nxb6 axb6 20. Ne5 Rd8 21. Ng6 Rg8 22. Ne7 Rh8 23. Nf5 Kf7 24. Ne3 Nd5 25. g3 Rd7 26. Nc4 Ra8 27. Ne5+ Ke6 28. Bb2 Nb4 29. Kd1 Rd5 30. a3 Rxe5 31. axb4 Rxa1+ 32. Bxa1 Rf5 33. Bxg7 Rxf2 34. Bxh6 Rf1+ 35. Rxf1 Bxf1 36. Bf4 c6 37. Bc7 b5 38. Ke1 Bd3 39. Kf2 Kf5 40. h3 Bc2 41. Ke3 Bxb3 42. g4+ Kg6 43. Kxe4 Bd5+ 44. Kf4 Bc4 45. h4 Bd3 46. Bd6 Bc2 47. h5+ Kf7 48. Bc5 Kg7 49. Kg5 Kh7 50. Kh4 Bd1 51. Bd4 Be2 52. g5 Bd3 53. g6+ Kh6 54. Be3+ Kg7 55. Kg5 1-0

[Event "Jacques Lemans op 18th"]
[Site "St Veit"]
[Date "1999.??.??"]
[Round "4.17"]
[White "Lang, Karl"]
[Black "Strozewski, Frank"]
[Result "1/2-1/2"]
[WhiteElo "1982"]
[BlackElo "2249"]
[PlyCount "27"]
[EventDate "1999.07.??"]
[EventType "swiss"]
[EventRounds "9"]
[EventCountry "AUT"]
[SourceTitle "EXT 2004"]
[Source "ChessBase"]
[SourceDate "2003.11.25"]
[SourceVersion "1"]
[SourceVersionDate "2003.11.25"]
[SourceQuality "1"]

1. e4 d6 2. Nf3 g6 3. d4 Bg7 4. c3 a6 5. Bg5 b5 6. Nbd2 Bb7 7. Bd3 Nd7 8. a4 c6 9. 0-0 Ngf6 10. Re1 e5 11. b4 0-0 12. Nb3 Qc7 13. dxe5 dxe5 14. Be3 1/2-1/2